Taylor Swift - State of Grace Lyrics - Statistics

General Stats
  • This quiz has been taken 192 times
  • The average score is 238 of 269
Answer Stats
Answer % Correct
I
100%
a
99%
and
99%
And
99%
of
99%
Of
99%
you
99%
You
99%
grace
98%
is
98%
state
98%
the
98%
this
98%
This
98%
love
97%
Love
97%
go
96%
it
96%
Be
95%
game
94%
good
94%
I'll
94%
never
94%
(Never)
94%
right
94%
to
94%
comin'
93%
play
93%
same
93%
Saw
93%
Unless
93%
we
93%
We
93%
(We
93%
all
92%
lights
92%
fight
91%
know
91%
are
89%
traffic
89%
your
89%
in
88%
me
88%
touch
88%
ruthless
87%
So
87%
(So
87%
You're
87%
my
86%
I'm
85%
were
85%
Achilles
84%
just
84%
Just
84%
heel
83%
our
83%
with
83%
worthwhile
83%
Busy
82%
busy
82%
real
82%
something
82%
These
82%
through
82%
fast
81%
live
81%
don't
80%
streets
80%
walkin'
80%
alone
79%
minds
79%
saint
79%
changing
78%
fall
78%
let
78%
twin
78%
But
77%
(But
77%
fire
77%
hurts
77%
shades
77%
'til
76%
time
76%
age
75%
blue
75%
golden
75%
hearts
75%
hearts)
75%
lives
75%
pain
75%
bleeds
74%
hands
74%
or
74%
Or
74%
wild
74%
wild)
74%
eyes
73%
loved
73%
wrong
73%
wrong)
73%
four
72%
learn
72%
oh
72%
room
72%
broken
71%
fades
71%
like
71%
signs
68%
fate
66%
Up
66%
mosaic
65%
around
61%
brave
60%
come
60%
Pierce
60%
armor
59%
clean
59%
falls
59%
cannonball
58%
slates
52%
Now
47%
No matching quizzes found
Score Distribution
Percent of People with Each Score
Percentile by Number Answered
Your Score History
You have not taken this quiz